Statistiques concernant CSGO Top 20 HLTV 2018

Cliquez ici pour prendre le quiz!

Statistiques générales

  • Ce quiz a été pris 13 fois
  • Le résultat moyen est 15 sur 20

Statistiques - réponses

Top #CountryPlayer% Correct
2Denmarkdev1ce
100%
5Denmarkdupreeh
100%
4Russiaelectronic
100%
8Denmarkgla1ve
100%
7DenmarkMagisk
100%
6CanadaNAF
100%
3Bosnia and HerzegovinaNiKo
100%
19Estoniaropz
100%
1Ukraines1mple
100%
12CanadaTwistzz
100%
13DenmarkXyp9x
100%
18Norwayrain
86%
15USAEliGE
71%
9SwedenKRIMZ
71%
10Brazilcoldzera
57%
11SlovakiaGuardiaN
43%
14Czech Republicoskar
43%
17USAautimatic
14%
16FinlandsuNny
0%
20Denmarkvalde
0%

Distribution des résultats

Percentile par nombre de réponses

% des personnes avec chaque résultat

Votre développement - résultats

Vous n’avez pas pris ce quiz